First principles, final ends, and contemporary philosophical issues / (Record no. 2383)
[ view plain ]
| 000 -LEADER | |
|---|---|
| fixed length control field | 01086nam a2200301 a 4500 |
| 001 - CONTROL NUMBER | |
| control field | 2455586 |
| 005 - DATE AND TIME OF LATEST TRANSACTION | |
| control field | 20170719113659.0 |
| 008 - FIXED-LENGTH DATA ELEMENTS--GENERAL INFORMATION | |
| fixed length control field | 920923s1990 wiu b 000 0 eng d |
| 010 ## - LIBRARY OF CONGRESS CONTROL NUMBER | |
| LC control number | 89064321 |
| 020 ## - INTERNATIONAL STANDARD BOOK NUMBER | |
| International Standard Book Number | 0874621577 |
| 035 ## - SYSTEM CONTROL NUMBER | |
| System control number | (OCoLC)21413254 |
| 040 ## - CATALOGING SOURCE | |
| Original cataloging agency | OWorP |
| Transcribing agency | OWorP |
| Modifying agency | DLC |
| 042 ## - AUTHENTICATION CODE | |
| Authentication code | lccopycat |
| 050 04 - LIBRARY OF CONGRESS CALL NUMBER | |
| Classification number | B804 |
| Item number | .M225 1990 |
| 100 1# - MAIN ENTRY--PERSONAL NAME | |
| Personal name | MacIntyre, Alasdair C. |
| 9 (RLIN) | 18768 |
| 245 10 - TITLE STATEMENT | |
| Title | First principles, final ends, and contemporary philosophical issues / |
| Statement of responsibility, etc | by Alasdair MacIntyre. |
| 260 ## - PUBLICATION, DISTRIBUTION, ETC. (IMPRINT) | |
| Place of publication, distribution, etc | Milwaukee : |
| Name of publisher, distributor, etc | Marquette University Press, |
| Date of publication, distribution, etc | 1990. |
| 300 ## - PHYSICAL DESCRIPTION | |
| Extent | 69 p. ; |
| Dimensions | 19 cm. |
| 440 #4 - SERIES STATEMENT/ADDED ENTRY--TITLE | |
| Title | The Aquinas lecture ; |
| Volume number/sequential designation | 1990 |
| 9 (RLIN) | 33400 |
| 500 ## - GENERAL NOTE | |
| General note | "Under the auspices of the Wisconsin-Alpha Chapter of Phi Sigma Tau." |
| 504 ## - BIBLIOGRAPHY, ETC. NOTE | |
| Bibliography, etc | Includes bibliographical references. |
| 650 ## - SUBJECT ADDED ENTRY--TOPICAL TERM | |
| Topical term or geographic name as entry element | Philosophy, Modern |
| General subdivision | 20th century |
| -- | Thomists |
| -- | Teleology |
| 9 (RLIN) | 33401 |
| 906 ## - LOCAL DATA ELEMENT F, LDF (RLIN) | |
| a | 7 |
| b | cbc |
| c | copycat |
| d | 3 |
| e | opcn |
| f | 19 |
| g | y-gencatlg |
| 942 ## - ADDED ENTRY ELEMENTS (KOHA) | |
| Source of classification or shelving scheme | Library of Congress Classification |
| Item type | Monograph ( Printed materials) |
| Withdrawn status | Lost status | Source of classification or shelving scheme | Damaged status | Not for loan | Collection code | Home library | Current library | Shelving location | Date acquired | Total Checkouts | Full call number | Barcode | Date last seen | Date last borrowed | Copy number | Price effective from | Koha item type |
|---|---|---|---|---|---|---|---|---|---|---|---|---|---|---|---|---|---|
| Library of Congress Classification | Main Collection | ARRUPE LIBRARY | ARRUPE LIBRARY | 27/02/2013 | 4 | B804.M225 1990 | 46403243 | 19/02/2019 | 06/02/2019 | 1 | 27/02/2013 | Monograph ( Printed materials) |